Villes du monde par lettres - A - Statistiques

Statistiques générales
  • Ce quiz a été pris 126 fois
  • Le résultat moyen est 13 sur 20
Statistiques - réponses
Hint Réponse % Correct
Ancienne capitale et plus grande ville de Côte d'Ivoire Abidjan
92%
Ville antique dominée par un phare Alexandrie
87%
C'est elle la capitale, et non Dubaï Abou Dabi / Abu Dhabi
81%
Réputée pour ses pruneaux Agen
80%
Lieu de naissance de Napoléon Bonaparte Ajaccio
79%
Devient la capitale en 1923, à la chute de l'Empire Ottoman Ankara
78%
Berceau de la démocratie Athènes
76%
Succède Oran Alger
73%
Capitale de la plus grande île d'Afrique Antananarivo
73%
Capitale mondiale de la BD Angoulême
72%
La Venise du Nord Amsterdam
70%
Capitale du Kazakhstan Astana
68%
"Ascension" en Français Asunción
64%
Site de plongée de 35m au Mexique Acapulco
58%
Possède l'aéroport le plus grand du monde, Hartsfield-Jackson Atlanta
57%
Capitale de l'Abyssinie Addis-Abeba
45%
On peut y trouver Walter White Albuquerque
40%
Porte le même nom qu'une spécialité portugaise Accra
39%
Entourée du Mont Lofty et de Semaphore Beach Adélaïde
13%
"La ville construite par l'amour" en Arabe Achgabat
7%
Aucun quiz correspondant
Distribution des résultats
% des personnes avec chaque résultat
Percentile par nombre de réponses
Votre historique - résultats
Vous n’avez pas pris ce quiz